000 00354nam a22001577a 4500
003 MPLRDC
005 20220104123550.0
008 210129b ||||| |||| 00| 0 eng d
082 _a496.4 CJ
100 _a池基著
245 _a商店经营诊断
_c
260 _a
_b现代工商出版社
_c
300 _b
650 _a
942 _cBK
_o496.4 CJ
999 _c12426
_d12416